000 00717nam a2200217Ii 4500
003 JO-AjNU
008 230605s9999||||xx |||||||||||||| ||und||
020 _a9953-36-638-1
040 _aJO-AjNU
_bara
_erda
_cJO-AjNU
041 _aara
050 1 4 _aPJ6145.J38 2006
100 3 _aالجواري، أحمد عبدالستار,
_eauthor
_923508
245 0 0 _aنحو الفعل
250 _aطبعة جديدة
264 3 1 _aعمان: دار الفارس للنشر والتوزيع، 2006
300 _a90ص
336 _atext
_btxt
_2rdacontent
337 _aunmediated
_bn
_2rdamedia
338 _avolume
_bnc
_2rdacarrier
650 4 _aاللغة العربية-النحو-نحو الفعل-لغويات
_923509
999 _aA8515
_c12083
_d12083